Способ мониторинга состояния и юстировки кристаллических дефлекторов релятивистских ионов и ядер; Известия вузов. Физика; Т. 56, № 4-2
| Parent link: | Известия вузов. Физика: научный журнал/ Национальный исследовательский Томский государственный университет (ТГУ) Т. 56, № 4-2.— 2013.— [С. 101-104] |
|---|---|
| Автор: | |
| Співавтор: | |
| Інші автори: | |
| Резюме: | Заглавие с титульного экрана Представлены результаты численных экспериментов по исследованию параметрического рентгеновского излучения от ядер свинца с энергией 158 ГэВ/нукл. при пересечении кристаллического дефлектора. Интенсивность параметрического рентгеновского излучения от полностью ионизированного атома свинца в максимуме составила величину порядка 4 фотон/ядро/ср, что должно позволить оперативно следить за состоянием и ориентацией дефлектора. Рассчитана зависимость интенсивности излучения от степени ионизации пучка. Режим доступа: по договору с организацией-держателем ресурса |
| Мова: | Російська |
| Опубліковано: |
2013
|
| Предмети: | |
| Онлайн доступ: | https://www.elibrary.ru/item.asp?id=20193644 |
| Формат: | Електронний ресурс Частина з книги |
| KOHA link: | https://koha.lib.tpu.ru/cgi-bin/koha/opac-detail.pl?biblionumber=661858 |
MARC
| LEADER | 00000naa0a2200000 4500 | ||
|---|---|---|---|
| 001 | 661858 | ||
| 005 | 20250418140731.0 | ||
| 035 | |a (RuTPU)RU\TPU\network\32881 | ||
| 035 | |a RU\TPU\network\1692 | ||
| 090 | |a 661858 | ||
| 100 | |a 20200312d2013 k||y0rusy50 ca | ||
| 101 | 0 | |a rus | |
| 102 | |a RU | ||
| 135 | |a drnn ---uucaa | ||
| 181 | 0 | |a i | |
| 182 | 0 | |a b | |
| 200 | 1 | |a Способ мониторинга состояния и юстировки кристаллических дефлекторов релятивистских ионов и ядер |f А. С. Гоголев, Ю. М. Черепенников | |
| 203 | |a Текст |c электронный | ||
| 300 | |a Заглавие с титульного экрана | ||
| 320 | |a [Библиогр.: с. 104 (14 назв.)] | ||
| 330 | |a Представлены результаты численных экспериментов по исследованию параметрического рентгеновского излучения от ядер свинца с энергией 158 ГэВ/нукл. при пересечении кристаллического дефлектора. Интенсивность параметрического рентгеновского излучения от полностью ионизированного атома свинца в максимуме составила величину порядка 4 фотон/ядро/ср, что должно позволить оперативно следить за состоянием и ориентацией дефлектора. Рассчитана зависимость интенсивности излучения от степени ионизации пучка. | ||
| 333 | |a Режим доступа: по договору с организацией-держателем ресурса | ||
| 461 | |t Известия вузов. Физика |o научный журнал |f Национальный исследовательский Томский государственный университет (ТГУ) | ||
| 463 | |t Т. 56, № 4-2 |v [С. 101-104] |d 2013 | ||
| 610 | 1 | |a труды учёных ТПУ | |
| 610 | 1 | |a электронный ресурс | |
| 610 | 1 | |a релятивистские частицы | |
| 610 | 1 | |a кристаллы | |
| 610 | 1 | |a рентгеновское излучение | |
| 700 | 1 | |a Гоголев |b А. С. |c физик |c доцент Томского политехнического университета, кандидат физико-математических наук |f 1983- |g Алексей Сергеевич |3 (RuTPU)RU\TPU\pers\26565 |9 12254 | |
| 701 | 1 | |a Черепенников |b Ю. М. |c физик |c доцент Томского политехнического университета, кандидат наук |f 1989- |g Юрий Михайлович |3 (RuTPU)RU\TPU\pers\30116 |9 14522 | |
| 712 | 0 | 2 | |a Национальный исследовательский Томский политехнический университет |b Физико-технический институт |b Кафедра прикладной физики (№ 12) |3 (RuTPU)RU\TPU\col\18729 |
| 801 | 2 | |a RU |b 63413507 |c 20210628 |g RCR | |
| 850 | |a 63413507 | ||
| 856 | 4 | |u https://www.elibrary.ru/item.asp?id=20193644 | |
| 942 | |c CF | ||